00357nam a2200133 a 450000500170000000800410001702000150005805000210007310000210009424500370011526000370015230000220018965000120021120140310183216.0030624s19uu xx 00 eng d a0380800268 aPZ 4b.R724 1999 aRogers, Rosemary aIn Your Arms /cRosemary Rogers. aNew York :bBantam Books,c1999. a380 p. :c17 cm.  aFiction